ბათუმის შოთა რუსთაველის სახელმწიფო უნივერსიტეტის ბიბლიოთეკა

აჭარაში ინტროდუცირებული ციტრუსოვნების ბიოლოგიურად აქტიური ნივთიერებები : (ბიბ.ჩანაწერი № 58516)

000 -ლიდერი
ფიქსირებული სიგრძის საკონტროლო ველი 01973nam a22002297a 4500
003 - საკონტროლო ნომრის იდენტიფიკატორი
საკონტროლო ველი Ge_BSU
005 - ბოლო ოპერაციის თარიღი და დრო
საკონტროლო ველი 20221221133407.0
008 - ფიქსირებული სიგრძის მონაცემთა ელემენტები - ზოგადი ინფორმაცია
ფიქსირებული სიგრძის საკონტროლო ველი 220513s2022 ge ||||| |||| 00| 0 geo d
041 ## - ენის კოდი
Language code of text/sound track or separate title geo
080 ## - უნივერსალური ათობითი კლასიფიკაციის ინდექსი
Universal Decimal Classification number 54 ქ-31
100 ## - მთავარი ჩანაწერი - პიროვნების სახელი
Personal name ქარცივაძე, ინგა
9 (RLIN) 13729
245 ## - ცნობა სათაურის შესახებ
Title აჭარაში ინტროდუცირებული ციტრუსოვნების ბიოლოგიურად აქტიური ნივთიერებები :
Remainder of title დისერტაცია /
Statement of responsibility, etc ინგა ქარცივაძე; სამეცნიერო ხელმძღვანელი ა. კალანდია; ბათუმის შოთარუსთაველის სახელმწიფო უნივერსიტეტი. საბუნებისმეტყველო მეცნიერებათა და ჯანდაცვის ფაკულტეტი. ქიმიის დეპარტამენტი.
264 ## - წარმოების, გამოცემის, დისტრიბუციის და სხვა ცნობები
გამოცემის, წარმოების, დისტრიბუციის... ადგილი ბათუმი,
გამოცემის, წარმოების, დისტრიბუციის... თარიღი 2022.
300 ## - ფიზიკური აღწერა
Extent 118 გვ.:
Other physical details ილ.;
Dimensions 30 სმ.
504 ## - BIBLIOGRAPHY, ETC. NOTE
Bibliography, etc ბიბლიოგრ. გვ.103-118
653 ## - INDEX TERM--UNCONTROLLED
Uncontrolled term აჭარაში ინტროდუცირებული ციტრუსოვნების ბიოლოგიურად აქტიური ნივთიერებები
653 ## - INDEX TERM--UNCONTROLLED
Uncontrolled term ქიმია
653 ## - INDEX TERM--UNCONTROLLED
Uncontrolled term დისერტაცია
700 ## - ADDED ENTRY--PERSONAL NAME
Personal name კალანდია, ა.
Relator term სამეცნიერო ხელმძღვანელი
9 (RLIN) 10752
710 ## - ADDED ENTRY--CORPORATE NAME
Corporate name or jurisdiction name as entry element ბათუმის შოთარუსთაველის სახელმწიფო უნივერსიტეტი.
Subordinate unit საბუნებისმეტყველო მეცნიერებათა და ჯანდაცვის ფაკულტეტი. ქიმიის დეპარტამენტი.
9 (RLIN) 13730
942 ## - ADDED ENTRY ELEMENTS (KOHA)
Source of classification or shelving scheme
Koha item type დისერტაცია
ეგზემპლარები
ჩამოწერის სტატუსი დაკარგული ეგზემპლარის სტატუსი კლასიფიკაციის წყარო ან თაროზე გაწყობის სქემა დაზიანების სტატუსი არ გაიცემა მუდმივი მდებარეობა (დაცვის ადგილი) ამჟამინდელი ადგილსამყოფელი თაროზე განთავსების ადგილი შეძენის თარიღი სრული შენახვის შიფრი შტრიხკოდი ბოლო ოპერაციის თარიღი ეგზემპლარის მიმდევრობითი ნომერი (კეტერი?) ფასის ძალაში შესვლის თარიღი ეგზემპლარის სახეობა
        არ გაიცემა ბათუმის შოთა რუსთაველის სახელმწიფო უნივერსიტეტის მთავარი ბიბლიოთეკა ბათუმის შოთა რუსთაველის სახელმწიფო უნივერსიტეტის მთავარი ბიბლიოთეკა წიგნსაცავი 2022-05-13 54 ქ-31 392 დისერტაცია 2022-05-13 392 2022-05-13 დისერტაცია